Normal view
MARC view
Entry Personal Name
001 - CONTROL NUMBER
- control field: 4477
003 - CONTROL NUMBER IDENTIFIER
- control field: BD-RjUL
005 - DATE AND TIME OF LATEST TRANSACTION
- control field: 20220823164102.0
008 - FIXED-LENGTH DATA ELEMENTS
- fixed length control field: 220823|| aca||aabn | a|a d
040 ## - CATALOGING SOURCE
- Original cataloging agency: BD-RjUL
- Transcribing agency: BD-RjUL
100 ## - HEADING--PERSONAL NAME
- Personal name: ঠাকুর,হরিদাস
670 ## - SOURCE DATA FOUND
- Source citation: Work cat.: (BD-RjUL)80228: ঠাকুর,হরিদাস , বঙ্গবন্ধু ও সমবায় একটি ঐতিহ্য অনুসন্ধান /, ২০২১